<?xml version="1.0" encoding="UTF-8"?>
<collection xmlns="http://www.loc.gov/MARC21/slim">
 <record>
  <leader>     na                 </leader>
  <controlfield tag="001">INLIS000000000006384</controlfield>
  <controlfield tag="005">20211129103157</controlfield>
  <datafield tag="035" ind1=" " ind2=" ">
   <subfield code="a">0010-0721001643</subfield>
  </datafield>
  <controlfield tag="008">211129                           0 ind  </controlfield>
  <datafield tag="245" ind1="1" ind2=" ">
   <subfield code="a">Seri Perencanaan Keuangan Keluarga :</subfield>
   <subfield code="b">Merancang Program Pensiun</subfield>
  </datafield>
  <datafield tag="100" ind1="1" ind2=" ">
   <subfield code="a">Senduk, Safir</subfield>
  </datafield>
  <datafield tag="260" ind1=" " ind2=" ">
   <subfield code="a">Jakarta :</subfield>
   <subfield code="b">Elex Media Komputindo,</subfield>
   <subfield code="c">1999</subfield>
  </datafield>
  <datafield tag="300" ind1=" " ind2=" ">
   <subfield code="a">124 hlm. ;</subfield>
   <subfield code="c">18 cm.</subfield>
  </datafield>
  <datafield tag="020" ind1=" " ind2=" ">
   <subfield code="a">979-20-1300-8</subfield>
  </datafield>
  <datafield tag="084" ind1=" " ind2=" ">
   <subfield code="a">658. 401 SEN s</subfield>
  </datafield>
  <datafield tag="520" ind1=" " ind2=" ">
   <subfield code="a">MERANCANG PROGRAM PENSIUN&#13;
Seperti mesin, tubuh manusia tidak diciptakan untuk bisa terus menerus bekerja. Ada kalanya manusia harus berhenti, dan pada suatu waktu seperti mesin juga - manusia harus istirahat dan menikmati masa pensiunnya. Namun demikian, seiring dengan datangnya Masa Pensiun, biasanya berhenti juga penghasilan yang diterima seseorang. Sebagian besar mereka yang bekerja di Perusahaan Swasta, misalnya, harus menerima kenyataan bahwa penghasilan rutin mereka pasti berhenti. Mereka yang pegawai negeri, mengikuti Program Jamsostek, DPLK atau apa pun itu, masih untung karena mereka akan mendapatkan Jaminan Hari Tua. Tetapi walaupun demikian, Penghasilan Pensiun yang mereka terima kadang-kadang masih tidak cukup untuk membiayai hidup mereka pada masa pensiun. Akibatnya, mereka yang menikmati Masa Pensiun itu terpaksa harus menurunkan standar hidupnya, agar sesuai dengan jumlah penghasilan pensiun yang mereka dapatkan. Hal itu bisa terjadi karena mempersiapkan Masa Pensiun (dengan memiliki Program Pensiun) merupakan suatu hal yang masih jarang dilakukan oleh sebagian besar masyarakat di Indonesia. Motivasi untuk mempersiapkan Masa Pensiun biasanya baru muncul setelah adanya penawaran dari perusahaan atau adanya iklan-iklan di media massa yang mengIklankan tentang Program Pensiun. Padahal, setiap orang sebetulnya membutuhkan sebuah Program Pensiun untuk menjamin penghasilannya kelak ketika sudah tidak lagi bekerja. Itulah yang membuat saya menulis buku ini. Sebagai seorang Perencana Keuangan, saya sering membantu individu (klien) dalam mempersiapkan Masa Pensiunnya, yaitu bagaimana agar ia bisa tetap mendapatkan penghasilan yang bisa membiayai hidupnya sesuai dengan standar yang dia inginkan ketika ia sudah pensiun. Dari situ saya menemukan bahwa, setiap orang sebetulnya bisa menikmati Standar Biaya Hidup yang tinggi pada masa pensiunnya, apabila ia mau melakukan persiapan sejak dini. Persoalannya sekarang tinggal bagaimana caranya melakukan persiapan tersebut. Nah, buku ini disusun dengan tujuan agar Anda bisa membuat sendiri Program Pensiun Anda, tanpa harus terjebak dalam bahasa dan rumus keuangan yang mungkin membingungkan. Semoga buku ini dapat bermanfaat.</subfield>
  </datafield>
  <datafield tag="082" ind1=" " ind2=" ">
   <subfield code="a">658. 401</subfield>
  </datafield>
  <datafield tag="650" ind1=" " ind2="4">
   <subfield code="a">Manajemen Perencanaan</subfield>
  </datafield>
  <datafield tag="990" ind1=" " ind2=" ">
   <subfield code="a">001595</subfield>
  </datafield>
  <datafield tag="990" ind1=" " ind2=" ">
   <subfield code="a">001592</subfield>
  </datafield>
  <datafield tag="990" ind1=" " ind2=" ">
   <subfield code="a">001593</subfield>
  </datafield>
 </record>
</collection>
